[Event "SVK-chT4A21 1314"]
[Site "Slovakia"]
[Date "2014.01.12"]
[Round "6.5"]
[White "Tomasovic, Martin"]
[Black "Sadlon, Matus"]
[Result "0-1"]
[WhiteElo "1715"]
[BlackElo "1582"]
[PlyCount "95"]
[EventDate "2013.10.06"]
[EventType "team-tourn"]
[EventRounds "11"]
[EventCountry "SVK"]
[SourceTitle "EXT 2022"]
[Source "ChessBase"]
[SourceDate "2021.10.06"]
[SourceVersion "1"]
[SourceVersionDate "2021.10.06"]
[SourceQuality "1"]
[WhiteTeam "Vrbove"]
[BlackTeam "Brezova"]
[WhiteTeamCountry "SVK"]
[BlackTeamCountry "SVK"]

1. e4 e5 2. Nf3 Nc6 3. Bb5 a6 4. Ba4 Nf6 5. d3 b5 6. Bb3 Be7 7. Nc3 0-0 8. 0-0 d6 9. h3 Na5 10. Bd5 c6 11. Bb3 Nxb3 12. axb3 Qc7 13. Re1 Bb7 14. Bg5 Ne8 15. Bxe7 Qxe7 16. Qd2 Nc7 17. Re3 Ne6 18. Ne2 f5 19. exf5 Rxf5 20. Ng3 Rf7 21. Rae1 c5 22. Qe2 Nd4 23. Nxd4 cxd4 24. Re4 Bxe4 25. Qxe4 Raf8 26. f3 Qg5 27. Qg4 Qxg4 28. hxg4 Rc7 29. Ne4 Rc6 30. c3 d5 31. Nd2 dxc3 32. bxc3 Rxc3 33. Rxe5 Rxd3 34. Nf1 a5 35. Ne3 Rd8 36. Nc2 Kf7 37. Kh2 g6 38. g5 Re8 39. Rxe8 Kxe8 40. Na3 Rxb3 41. Nc2 Rd3 42. Ne1 Rd2 43. f4 a4 44. Nf3 Rf2 45. Nd4 b4 46. Kg3 Rd2 47. Nc6 b3 48. Nb4 0-1